| 000 | 00000nam##2200000za#4500 |
| 001 | 9.566503 |
| 003 | CaOODSP |
| 005 | 20210624180323 |
| 007 | cr ||||||||||| |
| 008 | 150406|1999||||xxc|||||o f|0| 0 eng|d |
| 040 | |aCaOODSP|beng |
| 043 | |an-cn--- |
| 086 | 1 |aTU3-5/99-9E-PDF |
| 110 | 2 |aTransportation Safety Board of Canada. |
| 245 | 10|aInjuries to person while deplaning - Air Canada Boeing 767-200, C-FBEM, St. John's, Newfoundland, 31 March 1999 |h[electronic resource] |
| 260 | |aGatineau - Quebec : |bTransportation Safety Board of Canada |c[1999]. |
| 300 | |a6p.|bcoloured illus. |
| 490 | 1 |aAviation investigation report |vA99A0046 |
| 500 | |a"This report concludes the Transportation Safety Board's investigation into this occurrence. Consequently, the Board ... authorized the release of this report on 22 October 1999."--Page 6 of 6. |
| 590 | |a10-10-Supp|b2010-11-09 |
| 775 | 08|tPassager blessé lors de sa descente de l'avion - Air Canada Boeing 767-200, C-FBEM, St. John's (Terre-Neuve), 31 mars 1999 |w(CaOODSP)9.597976 |
| 830 | #0|aAviation investigation report ;|vA99A0046|w(CaOODSP)9.504825 |
| 856 | 40|ahttp://publications.gc.ca|qPDF|s67 KB|uhttps://publications.gc.ca/collections/collection_2009/bst-tsb/TU3-5-99-9E.pdf|yA99A0046 |